| 000 | 00709nam a22002297a 4500 | ||
|---|---|---|---|
| 999 |
_c10586 _d10586 |
||
| 003 | AR-CdUCM | ||
| 008 | 190401b ||||| |||| 00| 0 spa d | ||
| 040 |
_aMUNICIPALIDAD PROVINCIAL DEL CUSCO _cBIBLIOTECA MUNICIPAL DEL CUSCO |
||
| 041 | _hfre | ||
| 082 |
_aES / 800 / _bG29 |
||
| 100 |
_aGautier, Teófilo _913715 |
||
| 245 | _aEl Capitán Fracasa / | ||
| 260 |
_aBarcelona : _bMateu. |
||
| 300 |
_a271 páginas ; _bIlustraciones _c20cm |
||
| 440 |
_aColección Juvenil Cadete _n96 _927539 |
||
| 505 | _aContenido: Novela | ||
| 650 |
_aNovela _9572 |
||
| 650 |
_aLiteratura juvenil _91580 |
||
| 700 |
_aGarcía-Lomas, María Dolores.(traducción) _927540 |
||
| 942 |
_2ddc _cLIBROS |
||
| 945 | _anom | ||